Music Quiz

Random Music or Decade Quiz

Billboard Songs of the Decade Quiz Stats

 Plays Quiz Updated Nov 16, 2018

     
Support Sporcle.
Go Orange.
Score 0/100 Timer 15:00
0 Plays Today
Rank Song % Correct
66.I Kissed a Girl (2008)
67.9%
2.Yeah! (2004)
64.4%
42.Poker Face (2008)
64.2%
3.Low (2007)
62.7%
35.Just Dance (2008)
61.9%
20.Hey Ya! (2003)
58.1%
9.Gold Digger (2005)
57.7%
10.Apologize (2007)
55.5%
7.Boom Boom Pow (2009)
55.1%
17.Bleeding Love (2007)
54.4%
73.Love Story (2008)
49.5%
69.Hot N Cold (2008)
48.9%
57.Umbrella (2007)
48.7%
56.Bad Day (2005)
47.4%
24.In Da Club (2003)
46.6%
49.Viva la Vida (2008)
46%
77.Love Song (2007)
45.1%
86.You're Beautiful (2005)
43.5%
5.I Gotta Feeling (2009)
43.4%
99.Single Ladies (Put a Ring on It) (2008)
43.2%
13.Big Girls Don't Cry (2007)
43.1%
97.Hey There Delilah (2007)
42.6%
40.Crazy in Love (2003)
41.3%
23.Crank That (Soulja Boy) (2007)
40.6%
61.I'm Yours (2008)
39.9%
41.Hollaback Girl (2005)
38.7%
6.No One (2007)
38.6%
58.How to Save a Life (2006)
38.3%
79.Bubbly (2007)
37.8%
37.Live Your Life (2008)
37.6%
60.SexyBack (2006)
37.2%
1.We Belong Together (2005)
36.5%
83.Complicated (2002)
35.6%
80.Right Round (2009)
34.5%
Rank Song % Correct
29.Fallin' (2001)
34.4%
28.Lose Yourself (2002)
34%
94.Girlfriend (2007)
33.8%
4.How You Remind Me (2001)
33.3%
44.Promiscuous (2006)
32.7%
63.Temperature (2006)
31.6%
33.Smooth (2000)
31.3%
36.My Boo (2004)
30.5%
52.Candy Shop (2005)
30%
89.Photograph (2005)
29.8%
70.Get Low (2003)
29.7%
84.My Humps (2005)
29.4%
21.Burn (2004)
29.3%
48.Drop It LIke It's Hot (2004)
28.8%
32.Hot in Herre (2002)
27.6%
34.Run It! (2005)
27.5%
39.Lollipop (2008)
27.3%
76.Smack That (2006)
27.2%
16.Whatever You Like (2008)
26.8%
47.Since U Been Gone (2004)
26.8%
91.Stronger (2007)
26.3%
81.It Wasn't Me (2000)
26.2%
59.1,2 Step (2004)
25.8%
100.Forever (2008)
25.2%
74.Ignition (2003)
25%
92.So What (2008)
25%
11.Dilemma (2002)
24.8%
38.Baby Boy (2003)
23.9%
43.Kryptonite (2000)
23.1%
85.Love in This Club (2008)
22%
45.Lean Back (2004)
21.5%
93.Kiss Kiss (2007)
20.9%
8.Let Me Love You (2004)
20.7%
64.Disturbia (2008)
20.3%
Rank Song % Correct
27.Breathe (2000)
18.2%
26.Hanging By A Moment (2000)
17.9%
53.The Way I Are (2007)
17.9%
30.I'm Real (2001)
17.8%
25.Irreplaceable (2006)
17.2%
46.With Arms Wide Open (2000)
17.1%
31.Goodies (2004)
16.6%
72.Right Thurr (2003)
16.1%
12.Family Affair (2001)
15.6%
14.Maria Maria (2000)
14.9%
68.Here Without You (2003)
14.4%
71.Buy U a Drank (Shawty Snappin') (2007)
14.4%
90.U Remind Me (2001)
13.9%
18.Independent Women Part I (2000)
13.4%
67.Unwell (2003)
13.1%
22.The Way You Move (2003)
12.7%
96.Work It (2002)
12.5%
50.Get Busy (2003)
12%
15.U Got It Bad (2001)
11.9%
55.Everything You Want (2000)
11.8%
51.If I Ain't Got You (2004)
11.5%
88.Check on It (2005)
11.5%
19.Foolish (2002)
10.6%
82.Always on Time (2001)
10.2%
95.Let Me Blow Ya Mind (2001)
9.6%
54.I Knew I Loved You (2000)
9.5%
65.All for You (2000)
8.8%
78.Bent (2000)
8.8%
98.Try Again (2000)
8.4%
75.I Wanna Know (2000)
5.8%
62.Ain't It Funny (2001)
5.7%
87.Stand Up (2003)
5.7%

From the Vault

Mega-Sorting Gallery: Religion

by Chenchilla

Religion 15m
Sorting them all into "religion" is cheating. You know it, we know it.
Remove Ads.
Support Sporcle.
Get the best of Sporcle when you Go Orange. This ad-free experience offers more features, more stats, and more fun while also helping to support Sporcle. Thank you for becoming a member.

Show Comments

Extras

Top Quizzes Today


Score Distribution

Your Account Isn't Verified!

In order to create a playlist on Sporcle, you need to verify the email address you used during registration. Go to your Sporcle Settings to finish the process.

Report this User

Report this user for behavior that violates our Community Guidelines.

Details: